Movimento (uma introdução a economia Politica ) (Record no. 777)
[ view plain ]
| 000 -LEADER | |
|---|---|
| fixed length control field | 00553nam a2200193Ia 4500 |
| 003 - CONTROL NUMBER IDENTIFIER | |
| control field | 0OSt |
| 005 - DATE AND TIME OF LATEST TRANSACTION | |
| control field | 20260205112918.0 |
| 008 - FIXED-LENGTH DATA ELEMENTS--GENERAL INFORMATION | |
| fixed length control field | 240810s9999 xx 000 0 und d |
| 020 ## - INTERNATIONAL STANDARD BOOK NUMBER | |
| International Standard Book Number | S/N |
| 040 ## - CATALOGING SOURCE | |
| Original cataloging agency | Biblioteca Geral-Universidade Lusíada de Angola |
| Transcribing agency | BULA |
| 082 ## - DEWEY DECIMAL CLASSIFICATION NUMBER | |
| Standard or optional designation | 11(1) |
| Classification number | 32/33 |
| 100 ## - MAIN ENTRY--PERSONAL NAME | |
| Personal name | SALAMA,Pierre .VALIER , Jacques |
| 9 (RLIN) | 992 |
| 245 #0 - TITLE STATEMENT | |
| Title | Movimento (uma introdução a economia Politica ) |
| 260 ## - PUBLICATION, DISTRIBUTION, ETC. | |
| Place of publication, distribution, etc. | Lisboa |
| Name of publisher, distributor, etc. | Movimento |
| Date of publication, distribution, etc. | 1978, |
| 300 ## - PHYSICAL DESCRIPTION | |
| Extent | 228p |
| 650 ## - SUBJECT ADDED ENTRY--TOPICAL TERM | |
| Topical term or geographic name entry element | Economia |
| 700 ## - ADDED ENTRY--PERSONAL NAME | |
| Personal name | Pierre Salama /Jacques Valier |
| 942 ## - ADDED ENTRY ELEMENTS (KOHA) | |
| Koha item type | Livros |
| Source of classification or shelving scheme | Dewey Decimal Classification |
| Withdrawn status | Lost status | Source of classification or shelving scheme | Damaged status | Not for loan | Home library | Current library | Date acquired | Inventory number | Total Checkouts | Full call number | Barcode | Date last seen | Price effective from | Koha item type |
|---|---|---|---|---|---|---|---|---|---|---|---|---|---|---|
| Dewey Decimal Classification | Biblioteca Geral- Universidade Lusíada de Angola | Biblioteca Geral- Universidade Lusíada de Angola | 05/02/2026 | 11(1) | 32/33 | 2026-0047 | 05/02/2026 | 05/02/2026 | Livros |
